000 00444nam a2200145Ia 4500
999 _c15908
_d15908
082 _aRR 346.048 INT-
245 0 _aInternational encyclopaedia of intellectual property treaties
260 _aOxford
_bOxford University Press
_c2004
300 _axx, 1353
504 _aincludes bibliography and index
650 _aIntellectual property (International law)
_vSources
700 _aIlardi, Alfredo
700 _aBlakeney, Michael
942 _cBK